|
|
|
|
| LEADER |
02223nam a2200565 a 4500 |
| 001 |
nkc20112190508 |
| 003 |
CZ PrNK |
| 005 |
20110916082527.0 |
| 007 |
ta |
| 008 |
110516s2011 xr ach e 010 0 cze |
| 015 |
|
|
|a cnb002190508
|
| 020 |
|
|
|a 978-80-254-9937-5
|q (v knize neuvedeno ;
|q brož.)
|
| 035 |
|
|
|a (OCoLC)741403846
|
| 040 |
|
|
|a BOA001
|b cze
|d ABA001
|
| 043 |
|
|
|a e-xr---
|
| 045 |
|
|
|a x9y1
|
| 072 |
|
7 |
|a 329
|x Politické strany a hnutí
|2 Konspekt
|9 15
|
| 080 |
|
|
|a 329.1/.6
|2 MRF
|
| 080 |
|
|
|a 329.055.2
|2 MRF
|
| 080 |
|
|
|a 328/329
|2 MRF
|
| 080 |
|
|
|a (437.3)
|2 MRF
|
| 080 |
|
|
|a (082)
|2 MRF
|
| 080 |
|
|
|a (082.2)
|2 MRF
|
| 110 |
2 |
|
|a Občanská demokratická strana
|7 kn20010709079
|
| 245 |
1 |
0 |
|a 20 let Občanské demokratické strany :
|b 1991-2011 /
|c [texty připravili Petr Sokol, Zbyněk Klíč ...]
|
| 246 |
3 |
|
|a Dvacet let Občanské demokratické strany
|
| 260 |
|
|
|a Praha :
|b ODS Publishing,
|c 2011
|
| 300 |
|
|
|a 284 s. :
|b il. (převážně barev.), portréty, faksim. ;
|c 23 cm
|
| 500 |
|
|
|a Nad názvem: 20 let ODS : cesta svobody, tradice a perspektiv
|
| 610 |
2 |
7 |
|a Občanská demokratická strana
|7 kn20010709079
|2 czenas
|
| 648 |
|
7 |
|a 1991-2011
|7 ch967347
|2 czenas
|
| 650 |
0 |
7 |
|a politické strany
|7 ph115790
|z Česko
|y 20.-21. století
|2 czenas
|
| 650 |
0 |
7 |
|a pravice
|7 ph124561
|z Česko
|2 czenas
|
| 650 |
0 |
9 |
|a right (political science)
|z Czechia
|2 eczenas
|
| 651 |
|
7 |
|a Česko
|7 ge128065
|x politika a vláda
|y 20.-21. století
|2 czenas
|
| 651 |
|
9 |
|a Czechia
|x politics and government
|y 20th-21st centuries
|2 eczenas
|
| 655 |
|
7 |
|a sborníky
|7 fd163935
|2 czenas
|
| 655 |
|
7 |
|a jubilejní publikace
|7 fd131839
|2 czenas
|
| 655 |
|
9 |
|a miscellanea
|2 eczenas
|
| 655 |
|
9 |
|a jubilee books
|2 eczenas
|
| 700 |
1 |
|
|a Sokol, Petr,
|d 1974-
|7 jo2001100092
|4 aut
|
| 700 |
1 |
|
|a Klíč, Zbyněk
|7 mzk2006354042
|4 aut
|
| 740 |
0 |
2 |
|a 20 let ODS
|
| 910 |
2 |
|
|a BOA001
|b 2-1267.122
|
| 928 |
9 |
|
|a Občanská demokratická strana
|
| 990 |
|
|
|a BK
|
| 995 |
|
|
|a 01
|
| 991 |
|
|
|b 201106
|c NOV
|j 329 DVA
|e n
|
| 996 |
6 |
|
|b 2610479537
|c 2-1267.122
|l MZK
|r Sklad / do 1 hodiny
|n 0
|p p.v.
|w 001182734
|u 000010
|a 1
|e BOA001
|j MZK50
|s P
|
| 996 |
7 |
|
|b 2610479538
|c 2-1267.122
|l MZK
|r Sklad / do 1 hodiny
|n 9
|p p.v.
|w 001182734
|u 000020
|a 1
|e BOA001
|j MZK50
|s A
|